Ensayos presiométricos para estudios de suelos

保存先:
書誌詳細
第一著者: Hidalgo Ramírez, Hernán
フォーマット: 図書
出版事項: [San José , Costa Rica] 1985
主題:
タグ: タグ追加
タグなし, このレコードへの初めてのタグを付けませんか!

MARC

LEADER 00000nam a2200000Ia 4500
003 003022
005 20221231144404.0
008 140114s1985 cr a m 000 ||s d
040 |c cru CEDI 
090 |a TFG 1646 
100 |a Hidalgo Ramírez, Hernán  |9 14621 
245 |a Ensayos presiométricos para estudios de suelos 
260 |c 1985  |a [San José , Costa Rica] 
300 |a  83 hojas : ilustraciones ; 28 cm  
500 |a  Proyecto de graduación (licenciatura en ingeniería civil)-- Universidad de Costa Rica. Facultad de Ingeniería. Escuela de Ingeniería Civil 
650 |x ANALISIS DE SUELOS   |x PRUEBAS DE SUELOS   |x FORMACION DE SUELOS  |9 14622 
942 |c TFG  |2 ddc 
999 |c 21152  |d 21152